| 000 | 00522nam a2200217 a 4500 | ||
|---|---|---|---|
| 001 | BRL_652 | ||
| 005 | 20190320210833.0 | ||
| 008 | 230913s1985----is-#######---#000-0#spa-# | ||
| 041 | _aspa | ||
| 044 | _ais | ||
| 050 | 4 |
_aBM669 _b.S53 1985 |
|
| 245 | 1 | 0 | _aSidur Avodat Israel |
| 260 |
_aIsrael _bSinai _c1985 |
||
| 300 |
_a447 p. _c12 cm |
||
| 500 | _aAu766 | ||
| 500 | _aTexto en: Español y hebreo | ||
| 650 | 1 | 4 |
_aOración _xJudaismo _924525 |
| 650 | 1 | 4 |
_aJudaismo _xLiturgia _924526 |
| 902 | _aGRL | ||
| 942 |
_2lcc _cB |
||
| 999 |
_c9464 _d9464 |
||